[Event "XIX Carlos Torre Mem KO"]
[Site "Merida MEX"]
[Date "2006.12.18"]
[Round "1.1"]
[White "Gonzalez Zamora,J"]
[Black "Graf,A"]
[Result "0-1"]
[WhiteElo "2517"]
[BlackElo "2601"]
[EventDate "2006.12.18"]

1. Nf3 d5 2. d4 c5 3. c4 e6 4. cxd5 exd5 5. g3 Nf6 6. Bg2 Be7 7. O-O O-O 8.
Nc3 Nc6 9. dxc5 Bxc5 10. Bg5 d4 11. Bxf6 Qxf6 12. Nd5 Qf5 13. Nd2 Rd8 14.
Nf4 Bd6 15. Nd3 h5 16. Rc1 h4 17. Ne4 Bf8 18. Nec5 Rd6 19. Qd2 Rh6 20. h3
hxg3 21. fxg3 Qh5 22. Ne4 Bd7 23. Rf4 Qg6 24. Rf2 Re8 25. Nf4 Qf5 26. g4
Qe5 27. Nd3 Qb8 28. Qf4 Qxf4 29. Nxf4 Nd8 30. Nc5 Bc6 31. Bxc6 Rxc6 32.
Ncd3 Bd6 33. Rxc6 Nxc6 34. Kf1 Na5 35. b3 Nc6 36. Nd5 Nd8 37. N5f4 Nc6 38.
Ng2 g6 39. Nge1 Kg7 40. Nc2 Rc8 41. Rf3 Ne5 42. Nxe5 Bxe5 43. Nb4 Bd6 44.
Nd3 b5 45. Rf2 Rc6 46. Kg2 Ra6 47. Kf3 Rxa2 48. Ke4 Ra3 49. Kd5 Be7 50. b4
Rb3 51. g5 Bxg5 52. Kc6 a6 53. Kd7 Bd2 54. Ke8 f5 55. Rg2 Kf6 56. Nc5 Re3+
57. Kd7 Bxb4 58. Nxa6 d3 59. exd3 Rxd3+ 60. Kc6 Bd6 61. Kxb5 Rxh3 62. Rd2
Ke6 63. Re2+ Kd7 64. Rd2 Ke7 65. Re2+ Kf6 66. Rd2 Bf4 67. Rg2 g5 68. Nb4 g4
69. Kc4 Kg5 70. Nd5 Bd6 71. Kd4 Rh2 72. Rg1 Rd2+ 73. Kc4 g3 74. Ne3 f4 75.
Nf1 Rd1 76. Nxg3 Rxg1 0-1

[Event "XIX Carlos Torre Mem KO"]
[Site "Merida MEX"]
[Date "2006.12.18"]
[Round "1.1"]
[White "Quezada,Y"]
[Black "Georgiev,Vl"]
[Result "0-1"]
[WhiteElo "2515"]
[BlackElo "2532"]
[EventDate "2006.12.18"]

1. e4 e5 2. Nf3 Nc6 3. Bb5 a6 4. Ba4 Nf6 5. d3 Bc5 6. Bxc6 dxc6 7. Be3 Bd6
8. h3 Nd7 9. Nbd2 c5 10. Nc4 b5 11. Na5 c6 12. Qd2 Qc7 13. O-O O-O 14. Nb3
a5 15. Rad1 Rd8 16. a3 a4 17. Nc1 Nf8 18. Ne2 Ne6 19. Qc1 Nd4 20. Nfxd4
cxd4 21. Bd2 c5 22. f4 Ra6 23. fxe5 Bxe5 24. Bf4 Be6 25. Qd2 Rc6 26. Bxe5
Qxe5 27. Nf4 c4 28. Qa5 Rdc8 29. c3 h6 30. Qa7 dxc3 31. d4 Qxe4 32. d5 R6c7
33. Qb6 cxb2 34. dxe6 c3 35. Qxb5 c2 36. Rd7 c1=Q 37. exf7+ Kh7 38. Rxc7
Qxc7 0-1

[Event "XIX Carlos Torre Mem KO"]
[Site "Merida MEX"]
[Date "2006.12.18"]
[Round "1.1"]
[White "Martin del Campo,R"]
[Black "Leon Hoyos,M"]
[Result "0-1"]
[WhiteElo "2455"]
[BlackElo "2437"]
[EventDate "2006.12.18"]

1. e4 c5 2. Nf3 g6 3. d4 cxd4 4. Nxd4 Bg7 5. Nc3 Nc6 6. Be3 Nf6 7. Bc4 O-O
8. Bb3 d6 9. f3 Bd7 10. Qd2 Nxd4 11. Bxd4 b5 12. Nd5 Nxd5 13. exd5 Bxd4 14.
Qxd4 a5 15. a3 Qc7 16. O-O-O Rfc8 17. Rd2 Bf5 18. a4 Rab8 19. g4 bxa4 20.
Qxa4 Rb4 21. Qa3 Rcb8 22. Ba4 Bd7 23. Bxd7 Qxd7 24. Kb1 Rxb2+ 25. Qxb2
Rxb2+ 26. Kxb2 Qb5+ 27. Kc1 Qa4 28. Rdd1 Qa3+ 29. Kb1 Qxf3 30. Rhg1 Kf8 31.
g5 Qf2 32. h3 a4 33. Rg4 a3 34. Rgd4 Qe3 35. h4 Qc3 36. R1d3 0-1

[Event "XIX Carlos Torre Mem KO"]
[Site "Merida MEX"]
[Date "2006.12.18"]
[Round "1.2"]
[White "Georgiev,Vl"]
[Black "Quezada,Y"]
[Result "1-0"]
[WhiteElo "2532"]
[BlackElo "2515"]
[EventDate "2006.12.18"]

1. d4 Nf6 2. Nf3 e6 3. Bf4 b6 4. e3 Bb7 5. Nbd2 Be7 6. h3 c5 7. c3 O-O 8.
Bd3 Nc6 9. O-O d5 10. Qe2 Bd6 11. Bg5 h6 12. Bh4 Be7 13. Bg3 Nd7 14. Rad1
Re8 15. a3 a5 16. e4 Qc8 17. Rfe1 c4 18. Bb1 b5 19. exd5 exd5 20. Nf1 Nf6
21. Be5 Ne4 22. Ne3 Nxe5 23. dxe5 Bc5 24. Kh2 Ra6 25. Rf1 Qa8 26. Rde1 Qa7
27. Nxd5 Nxf2 28. Nf4 Rf6 29. Qd2 Ra6 30. Nd4 Nd3 31. Nxd3 cxd3 32. Bxd3
Qb8 33. Qf4 Rf6 34. Qg3 Rb6 35. b4 axb4 36. axb4 Bxd4 37. cxd4 Bd5 38. Rc1
Rc8 39. Bf5 Rc4 40. Qf4 Rbc6 41. Bd3 Rxc1 42. Rxc1 Qb7 43. Bf1 Rxc1 44.
Qxc1 Qd7 45. Qc5 Qf5 46. Qxd5 Qxf1 47. Qa8+ Kh7 48. Qe4+ Kg8 49. Qa8+ Kh7
50. Qe4+ Kg8 51. d5 Qc4 52. Qxc4 bxc4 53. d6 1-0

[Event "XIX Carlos Torre Mem KO"]
[Site "Merida MEX"]
[Date "2006.12.18"]
[Round "1.2"]
[White "De la Paz,F"]
[Black "Nogueiras,J"]
[Result "1/2-1/2"]
[WhiteElo "2442"]
[BlackElo "2554"]
[EventDate "2006.12.18"]

1. e4 e6 2. d4 d5 3. Nd2 dxe4 4. Nxe4 Nd7 5. Nf3 Ngf6 6. Nxf6+ Nxf6 7. c3
Be7 8. Bd3 O-O 9. O-O b6 10. Qe2 Bb7 11. Rd1 Qd5 12. Bg5 h6 13. c4 Qa5 14.
Bf4 Bd6 15. Ne5 Rfd8 16. c5 bxc5 17. Nc4 Qa4 18. Nxd6 c4 19. Re1 Qa5 20.
Qe4 Qa4 21. Qe3 1/2-1/2

[Event "XIX Carlos Torre Mem KO"]
[Site "Merida MEX"]
[Date "2006.12.18"]
[Round "1.2"]
[White "Leon Hoyos,M"]
[Black "Martin del Campo,R"]
[Result "1/2-1/2"]
[WhiteElo "2437"]
[BlackElo "2455"]
[EventDate "2006.12.18"]

1. Nf3 Nf6 2. g3 g6 3. b3 Bg7 4. Bb2 O-O 5. Bg2 d6 6. d4 a5 7. a4 d5 8.
Nbd2 Ne4 9. Ne5 Nxd2 10. Qxd2 Bf5 11. O-O Nd7 12. Nxd7 Qxd7 13. c4 c6 14.
cxd5 cxd5 15. Rfc1 b6 16. Rc3 Rfc8 17. Rac1 Qd6 18. Rxc8+ Rxc8 19. Rxc8+
Bxc8 20. Qc1 Ba6 21. Ba3 Qd7 22. e3 Bf8 23. Qc2 e6 24. Bxf8 Kxf8 25. Bf1
Qc8 26. Qb2 Bxf1 27. Kxf1 Ke7 28. Kg2 Qc6 29. Qe2 Kd6 30. h4 h5 31. Qa6 e5
32. Qa7 Ke6 33. Qb8 exd4 1/2-1/2

[Event "XIX Carlos Torre Mem KO"]
[Site "Merida MEX"]
[Date "2006.12.18"]
[Round "1.3"]
[White "Nogueiras,J"]
[Black "De la Paz,F"]
[Result "1/2-1/2"]
[WhiteElo "2554"]
[BlackElo "2442"]
[EventDate "2006.12.18"]

1. Nf3 Nf6 2. b3 g6 3. Bb2 Bg7 4. g3 O-O 5. Bg2 d6 6. d4 a5 7. a4 c6 8. O-O
Ne4 9. Nbd2 Nxd2 10. Qxd2 Nd7 11. e4 Qc7 12. Rfe1 Re8 13. e5 dxe5 14. dxe5
Nf8 15. h3 Bf5 16. Nd4 Rad8 17. Qe3 Bc8 18. f4 Ne6 19. Kh2 Qb6 20. Rad1 Nc7
21. Nf5 Qxe3 22. Nxe3 Be6 23. Bd4 Ra8 24. Bb6 Rec8 25. c4 Ra6 26. Bc5 Re8
27. Nc2 Bc8 28. Rd2 Bf5 29. Ne3 Bc8 30. Red1 Ne6 31. Ba3 Rb6 32. Rd3 h5 33.
h4 Bh6 34. c5 Ra6 35. Nc4 Nc7 36. Rd8 Kf8 37. Nb6 Bg4 38. R1d2 Be6 39. R2d3
Bf5 40. Rd2 Be6 41. Bf1 Ra7 42. Bc4 Bf5 43. Bb2 Bg7 44. Ba3 Bh6 45. Bb2 Bg7
46. Ba3 Bh6 1/2-1/2

[Event "XIX Carlos Torre Mem KO"]
[Site "Merida MEX"]
[Date "2006.12.18"]
[Round "1.5"]
[White "De la Paz,F"]
[Black "Nogueiras,J"]
[Result "1-0"]
[WhiteElo "2442"]
[BlackElo "2554"]
[EventDate "2006.12.18"]

1. e4 Nf6 2. e5 Nd5 3. d4 d6 4. Nf3 dxe5 5. Nxe5 c6 6. Bc4 g6 7. O-O Bg7 8.
Re1 O-O 9. Bb3 Nd7 10. Nf3 N7f6 11. h3 a5 12. c4 Nb6 13. Nc3 Nbd7 14. Bf4
b6 15. Qe2 e6 16. Rad1 Ba6 17. Qe3 Re8 18. Ne5 Qc8 19. Bh6 Bh8 20. Bg5 Ra7
21. Bc2 b5 22. c5 b4 23. Nxd7 Rxd7 24. Bxf6 Bxf6 25. Ne4 Bg7 26. Nd6 Rxd6
27. cxd6 Rd8 28. Qg3 Qd7 29. Ba4 Qxd6 30. Qf3 Bb5 31. Bxb5 cxb5 32. Re2 h5
33. Red2 Qd5 34. Qe3 Qxa2 35. d5 exd5 36. Rd4 Bxd4 37. Qxd4 Qc4 38. Qd2 d4
39. Rc1 Qd5 40. Qd3 Re8 41. Rd1 Qe4 42. Qd2 Qe2 43. Qxd4 a4 44. Rf1 Qc4 45.
Qd2 Qb3 1-0

[Event "XIX Carlos Torre Mem KO"]
[Site "Merida MEX"]
[Date "2006.12.19"]
[Round "2.1"]
[White "De la Paz,F"]
[Black "Tiviakov,S"]
[Result "1/2-1/2"]
[WhiteElo "2442"]
[BlackElo "2680"]
[EventDate "2006.12.18"]

1. e4 d5 2. exd5 Qxd5 3. Nf3 Bg4 4. Be2 Nf6 5. d4 e6 6. c4 Qd8 7. Qb3 Qc8
8. h3 Bh5 9. Nc3 Nbd7 10. Be3 Be7 11. O-O O-O 12. Rad1 h6 13. Rfe1 Bg6 14.
Bf4 Re8 15. Ne5 Nxe5 16. Bxe5 c6 17. Bf3 Nd7 18. Be4 f5 19. Bf3 Nxe5 20.
dxe5 Rb8 21. Ne2 Bf7 22. Qc3 c5 23. Nf4 Bg5 1/2-1/2